Vom wissenschaftlichen erkennen (Record no. 125959)
[ view plain ]
| 000 -LEADER | |
|---|---|
| fixed length control field | 00542nam a22001577a 4500 |
| 005 - DATE AND TIME OF LATEST TRANSACTION | |
| control field | 20170119152651.0 |
| 008 - FIXED-LENGTH DATA ELEMENTS--GENERAL INFORMATION | |
| fixed length control field | 170112b xxu||||| |||| 00| 0 eng d |
| 050 ## - LIBRARY OF CONGRESS CALL NUMBER | |
| Classification number | B2925. 1952 |
| 100 ## - MAIN ENTRY--PERSONAL NAME | |
| Personal name | Hegel, Georg wilhelm Friedrich |
| 9 (RLIN) | 11193 |
| 245 ## - TITLE STATEMENT | |
| Title | Vom wissenschaftlichen erkennen |
| Statement of responsibility, etc | by Hegel, Georg wilhelm Friedrich |
| 260 ## - PUBLICATION, DISTRIBUTION, ETC. (IMPRINT) | |
| Place of publication, distribution, etc | Hamburg |
| Name of publisher, distributor, etc | Felix Meiner Verlag |
| Date of publication, distribution, etc | 1952 |
| 300 ## - PHYSICAL DESCRIPTION | |
| Extent | 59p.; |
| Dimensions | 19cm. |
| 440 ## - SERIES STATEMENT/ADDED ENTRY--TITLE | |
| Title | Taschenausgaben der Philosophischen bibliothek |
| Number of part/section of a work | n. 36 |
| 9 (RLIN) | 28276 |
| 700 ## - ADDED ENTRY--PERSONAL NAME | |
| Personal name | Hoffmeister, Johannes |
| 9 (RLIN) | 28277 |
| 942 ## - ADDED ENTRY ELEMENTS (KOHA) | |
| Source of classification or shelving scheme | Library of Congress Classification |
| Item type | Monograph ( Printed materials) |
| Withdrawn status | Lost status | Source of classification or shelving scheme | Damaged status | Not for loan | Collection code | Home library | Current library | Shelving location | Date acquired | Total Checkouts | Full call number | Barcode | Date last seen | Price effective from | Koha item type |
|---|---|---|---|---|---|---|---|---|---|---|---|---|---|---|---|
| Library of Congress Classification | Main Collection | ARRUPE LIBRARY | ARRUPE LIBRARY | Main Collection | 12/01/2017 | B2925. 1952 | 46500022586 | 12/01/2017 | 12/01/2017 | Monograph ( Printed materials) |